Quick Pick: European Rivers Quiz Stats

 Plays Quiz Updated Oct 15, 2016

Challenge
Share
Tweet
Embed
Score 0/12 Timer 01:00
2 Plays Today
% Correct
Danube
96.3%
Rhine
96.1%
Thames
95.2%
Loire
90.2%
Volga
89.6%
Dnieper
81.9%
Oder
74.5%
Ebro
74%
Po
73.2%
Garonne
68%
Vistula
62.5%
Tagus
60.2%

Today's Daily Dose

You're not logged in!

Compare scores with friends on all Sporcle quizzes.
OR
Log In

You Might Also Like...

Show Comments

Extras

Top Quizzes Today


Score Distribution

Your Account Isn't Verified!

In order to create a playlist on Sporcle, you need to verify the email address you used during registration. Go to your Sporcle Settings to finish the process.

Report this User

Report this user for behavior that violates our Community Guidelines.

Details: